000 00889nam a2200241 4500
008 090306s2008 enka b 001 0beng d
020 _a0567031772 :USD25.05
020 _a0567031780
020 _a9780567031778
020 _a9780567031785
090 _aBV3427.M6
_bH19r
_b2008
100 1 _aHancock, Christopher.
245 1 0 _aRobert Morrison and the birth of Chinese Protestantism /
_cChristopher Hancock.
260 _aLondon ;
_aNew York :
_bT & T Clark,
_cc2008.
300 _axii, 268 p. :
_bill. ;
_c24 cm.
504 _aIncludes bibliographical references (p. 259-262) and index.
600 1 4 _aMorrison, Robert,
_d1782-1834.
650 4 _aMissionaries
_zChina
_vBiography.
650 4 _aMissionaries
_zGreat Britain
_vBiography.
650 4 _aProtestantism
_zChina
_xHistory.
951 _p32729
_oSP-CBV3427.M6/H19r/2008
_j090306153922921
_d2000-12-21
_cSP-C GC
999 _c32941
_d32941